| 000 | 00965nam a22002657a 4500 | ||
|---|---|---|---|
| 005 | 20260529202640.0 | ||
| 008 | 260529b1987 mx ||||| |||| 001 0 spa d | ||
| 020 | _a968-16-0532-2 | ||
| 040 |
_aBPGM _bspa |
||
| 041 | _aspa | ||
| 050 |
_a808.882 _bL62 |
||
| 082 | 0 | 4 |
_2CUARTA REIMPRESION _a808/ _bL62 |
| 100 | _aVALADES, EDMUNDO | ||
| 245 | _aEL LIBRO DE LA IMAGINACION | ||
| 260 |
_aMEXICO ; _bFONDO DE FCULTURA ECONOMICA , _c1987. |
||
| 300 |
_a257 paginas ; _c11 cm x 17 cm |
||
| 336 |
_2rdacontent _atexto _btxt |
||
| 337 |
_2rdamedia _asin mediación _bn |
||
| 338 |
_2rdacarrier _avolumen _bnc |
||
| 490 | 0 |
_aCOLECCION POPULAR _v152 |
|
| 505 | _aEN ESTE LIBRO SE PROPONE AL LECTOR UN FASCINANTE VIAJE IMAGINATIVO, A TRAVES DE UNA ANTALOGIA SINGULAR, PARA LA CUAL EDMUNDO VALADES HA SELECCIONADO MAS DE CUATROCIENTOS TEXTOS VREBES. | ||
| 650 | _2LITERATURA Y RETÓRICA | ||
| 650 | _2RETÓRICA Y COLECCIONES DE LITERATURA | ||
| 942 |
_2ddc _cGENERAL |
||
| 999 |
_c68595 _d68595 |
||